Entry Nombre personal
001 - NÚMERO DE CONTROL
- campo de control: 151514
003 - IDENTIFICADOR DE NÚMERO DE CONTROL
- campo de control: SpMaBN
005 - FECHA Y HORA DE LA ÚLTIMA TRANSACCIÓN
- campo de control: 20250803043239.0
008 - ELEMENTOS DE DATO DE LONGITUD-FIJA
- campo de control de longitud fija: 941006n| azznnaabn |a aaa
016 ## - NÚMERO DE CONTROL DE UNA AGENCIA BIBLIOGRÁFICA NACIONAL
- Número de control del registro: BNE19942621180
024 7# - IDENTIFICADOR DE OTROS ESTÁNDARES
- Número estándar o código: http://viaf.org/viaf/44135405/
- Fuente: viaf
024 7# - IDENTIFICADOR DE OTROS ESTÁNDARES
- Número estándar o código: https://isni.org/isni/0000000107184445
- Fuente: isni
040 ## - FUENTE DE CATALOGACIÓN
- Centro catalogador/agencia de origen: SpMaBN
- Lengua de catalogación: spa
- Centro/agencia transcriptor: SpMaBN
- Normas de descripción: rdc
- Convención/Normas de encabezamiento de materia/tesauro: embne
046 ## - FECHAS CON CODIFICACIÓN ESPECIAL
- Fecha de nacimiento: 1964
100 1# - ENCABEZAMIENTO-NOMBRE DE PERSONA
- Nombre de persona: Alzuri, Miriam,
- Fechas asociadas al nombre: 1964-
370 ## - LUGAR ASOCIADO
- Lugar de nacimiento: Niquero, Granma, Cuba
- Fuente del término: embne
374 ## - OCUPACIÓN
- Ocupación: Historiadores del arte
- Fuente del término: embne
375 ## - GÉNERO/SEXO
- Género: Femenino
377 ## - IDIOMA ASOCIADO
- Término de lengua/lenguaje: Español
400 1# - TRAZADO DE VÉASE--NOMBRE DE PERSONA
- Nombre de persona: Alzuri Milanés, Miriam,
- Fechas asociadas al nombre: 1964-
670 ## - FUENTE DE DATOS ENCONTRADOS
- Cita de la fuente: Francisco Durrio (1868-1940), 2013
- Información encontrada: v. port. (textos, Miriam Alzuri)
670 ## - FUENTE DE DATOS ENCONTRADOS
- Cita de la fuente: Colección Arte XX, 2008
- Información encontrada: v. port. (ed., Miriam Alzuri)
670 ## - FUENTE DE DATOS ENCONTRADOS
- Cita de la fuente: De la crítica de arte, de Juan de la Encina, 1993
- Información encontrada: p. 8 (introducción por Miriam Alzuri Milanés)
670 ## - FUENTE DE DATOS ENCONTRADOS
- Cita de la fuente: Pilar de Zubiaurre: en la penumbra familiar, 2015
- Información encontrada: port. (Miriam Alzuri Milanés) solapa (Miriam Alzuri; n. Niquero, Granma, Cuba, 1964; historiadora del arte; desde 1998 desarrolla su labor profesional en el Dpto. de Exposiciones del Museo de Bellas Artes de Bilbao, del que fue su responsable entre 2003 y 2008)
